| 000 | 00636nam a2200181 u 4500 | ||
|---|---|---|---|
| 001 | 000263811 | ||
| 003 | AM-YeHGA | ||
| 005 | 20250618071748.0 | ||
| 008 | 030919s1958 ai r 000 0 arm d | ||
| 040 | _aAM-YeHGA | ||
| 100 | 1 |
_aՊետրոսյան, Վարդգես Համազասպի, _d1932-1994 _91431 |
|
| 245 | 1 | 0 |
_aԲալլադ մարդու մասին : _b[Բանաստեղծություններ] / _cՎ. Պետրոսյան. |
| 260 |
_aԵրևան : _bՀայպետհրատ, _c1958. |
||
| 300 |
_a50 էջ ; _c18 սմ. |
||
| 440 | 0 | _aԱռաջին գիրք | |
| 650 | 1 | 4 |
_aՀայ գրականություն _xՉափածո |
| 090 | _c96989 | ||
| 999 |
_c95686 _d95686 |
||